Video Games by Company - Statistics

General Stats
  • This quiz has been taken 220 times
  • The average score is 6 of 11
Answer Stats
Video Game Franchise % Correct
Mario Nintendo
95%
Fifa EA
85%
GTA Rockstar
84%
Sonic the Hedgehog Sega
78%
CoD Activision
66%
Street Fighter Capcom
58%
Halo Bungie
44%
Pro Evo (PES) Konami
41%
Hitman Square Enix
34%
Just Cause Square Enix
30%
Fallout Interplay
9%
No matching quizzes found
Score Distribution
Percent of People with Each Score
Percentile by Number Answered
Your Score History
You have not taken this quiz